000 01271nam a2200337Ia 4500
005 20220317001418.0
007 ta
008 210811r20102016mx a br 000 j spa d
020 _a9786071619648
040 _aCO-BoRNBP
_bspa
_erda
_cCO-BoRNBP
041 0 _aspa
084 _aC VIL2
100 1 _aVilloro, Juan
_d1956-
_eautor
245 1 4 _aLas golosinas secretas
_cJuan Villoro; ilustrado por Mauricio Gómez Morin
250 _aTercera edición
_bPrimera reimpresión
264 1 _aMéxico
_bFondo de Cultura Económica
_c2014
_c2016
300 _a45 páginas
_bilustraciones
_c19 cm
336 _atexto
_btxt
_2rdacontent
337 _asin mediación
_bn
_2rdamedia
338 _avolumen
_bnc
_2rdacarrier
490 _aA la orilla del viento. Para los que empiezan a leer
_v62
521 _aRecomendado para un público infantil mayor de 6 años
545 _aIncluye datos biográficos del autor e ilustrador en la contracarátula
650 1 4 _aCuentos infantiles mexicanos
_ySiglo XX
_2LEMB
650 1 4 _aLiteratura infantil mexicana
_ySiglo XX
_2LEMB
650 1 4 _aAutores mexicanos
_ySiglo XX
_2LEMB
650 1 4 _aTravesuras
_vCuentos
_2LEMB
650 1 4 _aAmistad
_vCuentos
_2LEMB
700 1 _aGómez Morín, Mauricio
_eilustrador
_912572
942 _2loc
_cBKLIT
999 _c6895
_d6895